000 00445nam a2200181Ia 4500
003 LK-CoDNM
005 20240808095849.0
008 010623t1854 xxu||||| |||| 00| 1 eng d
040 _aLK-CoDNM
_dLK-CoDNM
_eLK-CoDNM
041 _aeng
080 _a16
_bV19
100 _aFalconer,W.
245 _aThe Geography of Strabo
260 _bHenry G Bohn
_aLondon
_c1854
300 _bvi, 519p ; 18 cm
700 _aHamilton,H.C.
_eed.
942 _cBK
999 _c81377
_d81377